Search the Library Catalogue
| 000 -LEADER | |
|---|---|
| fixed length control field | 00727nam a2200241Ia 4500 |
| 008 - FIXED-LENGTH DATA ELEMENTS--GENERAL INFORMATION | |
| fixed length control field | 191130s2001##################000#0#eng## |
| 020 ## - INTERNATIONAL STANDARD BOOK NUMBER | |
| International Standard Book Number | 9780761986621 |
| 022 ## - INTERNATIONAL STANDARD SERIAL NUMBER | |
| International Standard Serial Number | 12057 |
| 040 ## - CATALOGING SOURCE | |
| Original cataloging agency | ACL |
| Transcribing agency | ACL |
| 082 ## - DEWEY DECIMAL CLASSIFICATION NUMBER | |
| Classification number | 306.42 ROY |
| 100 ## - MAIN ENTRY--PERSONAL NAME | |
| Personal name | Roy, William G |
| 245 ## - TITLE STATEMENT | |
| Title | Making societies : the historical construction of our world |
| Statement of responsibility, etc. | William G. Roy |
| 260 ## - PUBLICATION, DISTRIBUTION, ETC. | |
| Place of publication, distribution, etc. | Thousand Oaks, Calif |
| Name of publisher, distributor, etc. | Pine Forge Press |
| Date of publication, distribution, etc. | c2001 |
| 300 ## - PHYSICAL DESCRIPTION | |
| Extent | xix, 219 p. : ill. ; 23 cm |
| 500 ## - GENERAL NOTE | |
| General note | Includes bibliographical references and index |
| 650 ## - SUBJECT ADDED ENTRY--TOPICAL TERM | |
| Topical term or geographic name entry element | Knowledge, Sociology of |
| Topical term or geographic name entry element | Social classes |
| Topical term or geographic name entry element | Social groups |
| Topical term or geographic name entry element | Space and time |
| 990 ## - EQUIVALENCES OR CROSS-REFERENCES [LOCAL, CANADA] | |
| Link information for 9XX fields | a0542a22ac10000c302b05fe75375c56 |
| 991 ## - | |
| -- | 213868 |
| Withdrawn status | Lost status | Materials specified (bound volume or other part) | Damaged status | Not for loan | Home library | Current library | Shelving location | Date acquired | Total Checkouts | Full call number | Barcode | Date last seen | Price effective from | Koha item type |
|---|---|---|---|---|---|---|---|---|---|---|---|---|---|---|
| pbk | Anna Centenary Library | Anna Centenary Library | 3RD FLOOR, B WING | 09.10.2020 | 306.42 ROY | 163447 | 09.10.2020 | 09.10.2020 | English Books |